Actors who worked with Joseph Kosinski - Statistics

General Stats
  • This quiz has been taken 46 times
    32 since last reset
  • The average score is 12 of 38
Answer Stats
Films Answer % Correct
Top Gun: Maverick, Oblivion Tom Cruise
100%
F1 The Movie Brad Pitt
89%
Top Gun: Maverick, Only the Brave Miles Teller
89%
Spiderhead Miles Teller
89%
TRON: Legacy, Only the Brave Jeff Bridges
78%
Spiderhead Chris Hemsworth
67%
Top Gun: Maverick, Only the Brave Jennifer Connelly
67%
TRON: Legacy Olivia Wilde
67%
F1 The Movie Damson Idris
56%
Top Gun: Maverick Glen Powell
56%
F1 The Movie Javier Bardem
56%
Oblivion Morgan Freeman
56%
TRON: Legacy Garrett Hedlund
44%
Top Gun: Maverick Jon Hamm
44%
F1 The Movie Kerry Condon
44%
TRON: Legacy Michael Sheen
44%
Top Gun: Maverick Val Kilmer
44%
Top Gun: Maverick Ed Harris
22%
Only the Brave Josh Brolin
22%
Top Gun: Maverick Lewis Pullman
22%
Top Gun: Maverick Charles Parnell
11%
F1 The Movie Kim Bodnia
11%
Oblivion Olga Kurylenko
11%
F1 The Movie Tobias Menzies
11%
Only the Brave Andie MacDowell
0%
Oblivion Andrea Riseborough
0%
TRON: Legacy Beau Garrett
0%
TRON: Legacy Bruce Boxleitner
0%
Only the Brave James Badge Dale
0%
TRON: Legacy James Frain
0%
Spiderhead Jurnee Smollett
0%
Spiderhead Mark Paguio
0%
Oblivion Melissa Leo
0%
Oblivion Nikolaj Coster-Waldau
0%
F1 The Movie Shea Whigham
0%
Only the Brave Taylor Kitsch
0%
TRON: Legacy Yaya DaCosta
0%
Oblivion Zoe Bell
0%
No matching quizzes found
Score Distribution
Percent of People with Each Score
Percentile by Number Answered
Your Score History
You have not taken this quiz since the last reset